| 000 | 00499nam a2200205 i 4500 | ||
|---|---|---|---|
| 001 | bgj | ||
| 100 | 1 |
_aHIGGINS, Jack _d(1929- ) |
|
| 245 | 1 | 0 |
_aExocet / _cJack Higgins. |
| 260 |
_aNew York : _bStein and Day, _c1983. |
||
| 300 |
_a260 pp ; _c24 cm. |
||
| 650 | 9 | _aFalklands Islands War, 1982 | |
| 650 | 9 | _aWar stories | |
| 655 | _aFiction | ||
| 020 | _a0812829204 | ||
| 040 | _cBPK | ||
| 041 | 0 | _aeng | |
| 920 | _a0-8128-2920-4 | ||
| 942 | _cKS | ||
| 008 | s uk f |000 0 eng | ||
| 999 |
_c47508 _d47508 |
||
| 856 |
_uhttp://koha.tu.koszalin.pl/cgi-bin/koha/opac-detail.pl?biblionumber=47508 _yKatalog online BPK |
||